Beloved African / (Record no. 126632)
[ view plain ]
| 000 -LEADER | |
|---|---|
| fixed length control field | 00966cam a22002654a 4500 |
| 001 - CONTROL NUMBER | |
| control field | 12132017 |
| 003 - CONTROL NUMBER IDENTIFIER | |
| control field | ARRUPE |
| 005 - DATE AND TIME OF LATEST TRANSACTION | |
| control field | 20170810121819.0 |
| 008 - FIXED-LENGTH DATA ELEMENTS--GENERAL INFORMATION | |
| fixed length control field | 000804s2000 sa ab 000 0beng |
| 010 ## - LIBRARY OF CONGRESS CONTROL NUMBER | |
| LC control number | 00321840 |
| 020 ## - INTERNATIONAL STANDARD BOOK NUMBER | |
| International Standard Book Number | 0620241179 |
| 040 ## - CATALOGING SOURCE | |
| Original cataloging agency | DLC |
| Transcribing agency | DLC |
| 042 ## - AUTHENTICATION CODE | |
| Authentication code | pcc |
| 043 ## - GEOGRAPHIC AREA CODE | |
| Geographic area code | f-rh--- |
| 050 00 - LIBRARY OF CONGRESS CALL NUMBER | |
| Classification number | LA2388.Z552 |
| Item number | H363 2000 |
| 300 ## - PHYSICAL DESCRIPTION | |
| Other physical details | ill., map ; |
| Dimensions | 23 cm. |
| 100 1# - MAIN ENTRY--PERSONAL NAME | |
| Personal name | Baker, Jill, |
| Dates associated with a name | 1940- |
| 9 (RLIN) | 34712 |
| 245 10 - TITLE STATEMENT | |
| Title | Beloved African / |
| Statement of responsibility, etc | Jill Baker. |
| 260 ## - PUBLICATION, DISTRIBUTION, ETC. (IMPRINT) | |
| Place of publication, distribution, etc | Weltevredenpark, South Africa : |
| Name of publisher, distributor, etc | Covos-Day, |
| Date of publication, distribution, etc | 2000. |
| 300 ## - PHYSICAL DESCRIPTION | |
| Extent | xviii, 464 p., [16] p. of plates : |
| 500 ## - GENERAL NOTE | |
| General note | Includes index. |
| 600 10 - SUBJECT ADDED ENTRY--PERSONAL NAME | |
| Personal name | Hammond, John, |
| Dates associated with a name | 1910-1996. |
| 9 (RLIN) | 34713 |
| 650 #0 - SUBJECT ADDED ENTRY--TOPICAL TERM | |
| Topical term or geographic name as entry element | Educators |
| Geographic subdivision | Zimbabwe |
| Form subdivision | Biography. |
| 9 (RLIN) | 34714 |
| 906 ## - LOCAL DATA ELEMENT F, LDF (RLIN) | |
| a | 7 |
| b | cbc |
| c | orignew |
| d | 3 |
| e | ncip |
| f | 20 |
| g | y-gencatlg |
| 942 ## - ADDED ENTRY ELEMENTS (KOHA) | |
| Source of classification or shelving scheme | Library of Congress Classification |
| Koha item type | Monograph ( Printed materials) |
| Withdrawn status | Lost status | Source of classification or shelving scheme | Damaged status | Not for loan | Collection code | Home library | Current library | Shelving location | Date acquired | Total Checkouts | Full call number | Barcode | Date last seen | Price effective from | Koha item type |
|---|---|---|---|---|---|---|---|---|---|---|---|---|---|---|---|
| Library of Congress Classification | Main Collection | ARRUPE LIBRARY | ARRUPE LIBRARY | Main Collection | 10/08/2017 | LA2388.Z552 H363 2000 | 46500024894 | 28/06/2018 | 10/08/2017 | Monograph ( Printed materials) |